000 00600nam a2200229Ia 4500
003 OSt
005 20220916111033.0
006 a|||||r|||| 00| 0
007 ta
008 220915b |||||||| |||| 00| 0 eng d
024 _a124603
037 _cTextbook
040 _beng
_aARTS
_cARTS
041 _aeng
082 _aV671:5:D1, J4;1
100 _aMurray M A
245 0 _aSplendour that was Egypt : general survey of Egyptian culture and civilization
260 _c1954
650 _aHISTORY
942 _hV671:5:D1, J4;1
_cTB
_2CC
999 _c104107
_d104107